| 000 | 00530 a2200169 4500 | ||
|---|---|---|---|
| 003 | Nust | ||
| 005 | 20230123122745.0 | ||
| 040 | _cNust | ||
| 082 | _a808.83,YOU | ||
| 100 |
_aYoung,Frincis Brett _9107421 |
||
| 245 |
_aMr . Lucton,s Freedom / _cFrancis Brett Young |
||
| 260 |
_aLondon _bWilliam Heinemann Ltd |
||
| 300 | _a456:p | ||
| 505 | _aPart One: North Bromwich (Page-1), Part Two: The Country of Strange Adventures (Page-79), Part Three: Quietest Under The Sun (Page-373). | ||
| 650 |
_aNovel _92525 |
||
| 942 |
_2ddc _cBK |
||
| 999 |
_c186804 _d186804 |
||